000 00611nam a2200193Ii 4500
003 JO-AjNU
008 230605s9999||||xx |||||||||||||| ||und||
040 _aJO-AjNU
_bara
_erda
_cJO-AjNU
041 _aara
050 1 4 _aQD15.H6
100 3 _aهولمز، هاري نيوكلز ,
_eauthor
_937598
245 0 0 _aقصة الكيمياء من خلال الانبوبة الاختبار
264 3 1 _aمصر:مكتبه نهضة ، 1900
300 _a320ص
336 _atext
_btxt
_2rdacontent
337 _aunmediated
_bn
_2rdamedia
338 _avolume
_bnc
_2rdacarrier
650 4 _aالكيمياء
_937599
999 _aA15723
_c19291
_d19291